Unión Europea Centroamérica: cambio de escenarios /
Guardado en:
| Autor principal: | |
|---|---|
| Otros Autores: | |
| Formato: | Desconocido |
| Publicado: |
San José:
FLACSO. Programa Costa Rica
|
| Materias: | |
| Etiquetas: |
Agregar Etiqueta
Sin Etiquetas, Sea el primero en etiquetar este registro!
|
MARC
| LEADER | 00000 a2200000 04500 | ||
|---|---|---|---|
| 001 | 11773 | ||
| 003 | |||
| 008 | 991231s d | ||
| 040 | |a CRAI/IIS |c CRAI/IIS | ||
| 090 | |a 140802 | ||
| 100 | |a Morales Gamboa, Abelardo | ||
| 245 | |a Unión Europea Centroamérica: cambio de escenarios / |c Abelardo Morales Gamboa | ||
| 260 | |a San José: |b FLACSO. Programa Costa Rica | ||
| 300 | |a 159 p. | ||
| 650 | |a COOPERACION INTERNACIONAL | ||
| 650 | |a COLABORACION | ||
| 650 | |a PROYECTOS CONJUNTOS | ||
| 650 | |a CE | ||
| 700 | |a coord | ||
| 999 | |c 5970 |d 5970 | ||
